O Livro dos Espíritos / (Registro n. 8237)
[ somente texto ]
| 000 -LÍDER | |
|---|---|
| campo de controle de tamanho fixo | 01725nam a2200253 a 4500 |
| 001 - NÚMERO DE CONTROLE | |
| campo de controle | BS0003175 |
| 003 - IDENTIFICADOR DO NÚMERO DE CONTROLE | |
| campo de controle | BR-BrBNA |
| 005 - DATA E HORÁRIO DA ÚLTIMA TRANSAÇÃO | |
| campo de controle | 20230418192235.0 |
| 008 - CAMPO DE DADOS FIXOS--INFORMAÇÃO GERAL | |
| campo de controle de tamanho fixo | 230308b |||||||| |||| 00| 0 por d |
| 040 ## - FONTE DA CATALOGAÇÃO | |
| Instituição da catalogação original | BR-BrBNA |
| Idioma da catalogação | por |
| Instituição que transcreveu o registro | Biblioteca Nacional de Agricultura |
| 041 ## - CÓDIGO DE IDIOMA | |
| Código do idioma do texto/trilha sonora ou título diferente | por |
| 072 ## - CÓDIGO DE CATEGORIA DE ASSUNTO | |
| Código de Categoria de Assunto | B59 |
| 090 ## - NÚMERO DE CHAMADA LOCAL | |
| Número de chamada | B59 BS0003175 |
| 100 1# - ENTRADA PRINCIPAL--NOME PESSOAL | |
| Nome pessoal | Kardec, Allan. |
| 245 1# - TÍTULO | |
| Título | O Livro dos Espíritos / |
| 250 1# - EDIÇÃO | |
| Edição | 2. ed. |
| 260 3# - PUBLICAÇÃO, DISTRIBUIÇÃO, ETC. | |
| Local de publicação, distribuição, etc. | Rio de Janeiro, RJ: |
| Nome do editor, distribuidor, etc. | Federação Espírita Brasileira., |
| Data da publicação, distribuição, etc. | 2010. |
| 300 ## - DESCRIÇÃO FÍSICA | |
| Extensão | 698 p. |
| 500 ## - NOTA GERAL | |
| Nota geral | Título original: Le Livre des Esprits. Traduzido por Evandro Noleto Bezerra..<br/> |
| 520 3# - NOTA DE RESUMO, ETC | |
| Resumo, etc. | Esta Edição Especial da Federação Espírita Brasileira foi traduzida a partir da 2ª, respectivamente 4ª, 5ª, 6ª, 10ª edições francesas de O Livro dos Espíritos, com alguns acréscimos, supressões e modificações feitas por Allan Kardec ao longo das edições que se foram sucedendo, até a 12ª, que podemos considerar a edição definitiva do primeiro livro da Codificação Espírita, visto que as demais não sofreram qualquer alteração. O livro reúne os registros históricos relacionados com as publicações originais de O Livro dos Espíritos, com base no texto básico de 1860 e nas demais edições publicadas enquanto Kardec estava encarnado, de modo a atender aos naturais interesses dos leitores empenhados nos estudos cada vez mais aprofundados da Doutrina Espírita. A presente edição está sendo publicada como parte das homenagens que a FEB presta pelo lançamento da primeira edição de O Livro dos Espíritos, cujo sesquicentenário transcorre no dia 18 de abril de 2007. |
| 650 ## - ASSUNTO--TERMO TÓPICO | |
| Cabeçalho tópico ou nome geográfico | ESPIRITISMO |
| 909 ## - | |
| -- | 202304 |
| -- | Sergio Santos |
| -- | 56 |
| -- | Sergio Santos |
| 942 ## - ELEMENTOS DE ENTRADA ADICIONADOS (KOHA) | |
| Tipo de material Koha | Livros |
| Situação do descarte | Fonte da classificação ou esquema de arquivamento na estante | Situação física | Não pode ser emprestado | Coleção | Biblioteca de origem | Biblioteca atual | Total de empréstimos | Número de telefone completo | Código de barras | Data de último acesso | Número do exemplar | Tipo de material Koha | Situação das perdas | Data de aquisição | Fonte de aquisição | Qualificador de local codificado |
|---|---|---|---|---|---|---|---|---|---|---|---|---|---|---|---|---|
| Classificação AGRIS | Acervo Cultural | Biblioteca Nacional de Agricultura - Binagri | Biblioteca Nacional de Agricultura - Binagri | B59 BS0003175 | B59 BS0003175 | 12/04/2023 | 01 | Livros | 2023-04-04 | Doação | B59 |

BINAGRI